000
00212nam a2200097Ia 4500
008
220204s9999 xx 000 0 und d
082
_a
82-3
_b
SAI
100
_a
Sailor, Charles
245
0
_a
Second son
942
_c
BK
999
_c
37432
_d
37432